Czołgi I wojny światowej(1914-1918) - Statystyki

Ogólne statystyki
  • Ten quiz został rozwiązany 245 razy
  • Średni wynik to 2 z 7
Statystyki odpowiedzi
rok odpowiedź % Poprawnych
1917 Renault FT-17
78%
1916 Sturmpanzerwagen A7V
62%
1916 Mark IV
46%
1916 St Chamond
10%
1917 Schneider
6%
1918 Whippet
6%
1915 Litlle Willie
4%
Nie znaleziono quizów pasujących do podanych kryteriów
Rozkład punktacji
Procent ludzi z każdym wynikiem
Percentyl według liczby udzielonych odpowiedzi
Twoja historia wyników
Nie rozwiązałeś tego quizu